[Event "FIDE Grand Prix 2017"]
[Site "Ginevra"]
[Date "06.07.2017"]
[Round "1"]
[White "Aronian, Levon"]
[Black "Li, Chao b"]
[Result "1/2-1/2"]
[WhiteTitle "GM"]
[BlackTitle "GM"]
[WhiteElo "2809"]
[BlackElo "2735"]
[WhiteFideId "13300474"]
[BlackFideId "8604436"]
[EventDate "2017.07.06"]
[EventType "swiss"]

1. d4 Nf6 2. c4 g6 3. f3 e6 4. Nc3 c5 5. d5 d6 6. e4 Bg7 7. Nge2 exd5 8. cxd5
Nbd7 9. Ng3 h5 10. Be2 Nh7 11. Be3 h4 12. Nf1 O-O 13. Qd2 Re8 14. Bh6 Bd4 15.
Ne3 a6 16. Nc2 Be5 17. Bf4 b5 18. O-O Bxf4 19. Qxf4 Ne5 20. Qh6 g5 21. g3 hxg3
22. hxg3 Qf6 23. Qh2 Ng6 24. Ne3 Bd7 25. Kg2 Kg7 26. Rh1 Rh8 27. Qg1 Qe5 28. Qf2
Nf6 29. Raf1 Nh5 30. Rfg1 Nhf4+ 31. gxf4 Bh3+ 32. Rxh3 Nxf4+ 33. Kf1 Nxh3 34.
Qg3 Nxg1 35. Qxe5+ dxe5 36. Kxg1 c4 37. Nf5+ Kf6 38. d6 Ke6 39. a4 Kd7 40. axb5
axb5 41. Nxb5 Ra2 42. Bxc4 Rxb2 43. Nc7 Rhh2 44. Bb5+ Kd8 45. Ne3 1/2-1/2

[Event "FIDE Grand Prix 2017"]
[Site "Ginevra"]
[Date "06.07.2017"]
[Round "1"]
[White "Giri, Anish"]
[Black "Radjabov, Teimour"]
[Result "0-1"]
[WhiteTitle "GM"]
[BlackTitle "GM"]
[WhiteElo "2775"]
[BlackElo "2724"]
[WhiteFideId "24116068"]
[BlackFideId "13400924"]
[EventDate "2017.07.06"]
[EventType "swiss"]

1. d4 Nf6 2. c4 e6 3. Nf3 d5 4. Nc3 Be7 5. Bf4 O-O 6. e3 Nbd7 7. c5 Nh5 8. Bd3
Nxf4 9. exf4 c6 10. Qc2 h6 11. O-O Qc7 12. Ne5 Nxe5 13. fxe5 Bd7 14. a3 b6 15.
b4 bxc5 16. bxc5 f6 17. f4 Rab8 18. g3 Qa5 19. Ne2 Be8 20. Bg6 Bxg6 21. Qxg6 Qd2
22. Rf2 Qe3 23. Qg4 Kh7 24. Qxe6 Rbe8 25. a4 fxe5 26. Qxe5 Qd3 27. Qh5 Bf6 28.
Raf1 g6 29. Qg4 h5 30. Qd7+ Re7 31. Qd6 Kg7 32. Nc1 Qf5 33. Rd1 Rfe8 34. Qxc6
Re1+ 35. Rf1 Bxd4+ 36. Rxd4 Rxf1+ 37. Kxf1 Qh3+ 38. Kf2 Qxh2+ 39. Kf1 Qh1+ 40.
Kf2 Re1 0-1

[Event "FIDE Grand Prix 2017"]
[Site "Ginevra"]
[Date "06.07.2017"]
[Round "1"]
[White "Inarkiev, Ernesto"]
[Black "Grischuk, Alexander"]
[Result "1/2-1/2"]
[WhiteTitle "GM"]
[BlackTitle "GM"]
[WhiteElo "2707"]
[BlackElo "2761"]
[WhiteFideId "4162722"]
[BlackFideId "4126025"]
[EventDate "2017.07.06"]
[EventType "swiss"]

1. c4 f5 2. Nf3 Nf6 3. g3 e6 4. Bg2 d5 5. O-O Bd6 6. Nc3 O-O 7. d3 dxc4 8. dxc4
Nc6 9. e4 e5 10. Bg5 fxe4 11. Nd2 Be7 12. Ndxe4 Nxe4 13. Qxd8 Bxd8 14. Nxe4 Nd4
15. Bxd8 Rxd8 16. Nc5 c6 17. Rae1 Ne6 18. Nxe6 Bxe6 19. b3 Bf7 20. Rxe5 Kf8 21.
Rfe1 Rd2 22. R5e2 Rad8 23. Be4 a5 24. a4 Rxe2 25. Rxe2 Rd4 26. f3 b5 27. Bxc6
bxc4 28. bxc4 Rxc4 29. Bb5 Rb4 30. Kf2 g5 31. Re5 h6 32. Bc6 Rc4 33. Bb5 Rb4 34.
h3 Rb2+ 35. Re2 Rb4 36. g4 Rb3 37. Re5 Rb4 38. Bc6 Rc4 39. Bb5 Rb4 40. Re2 Bd5
41. Rd2 Bb3 42. Rd6 Kg7 43. Rd7+ Kg8 44. Kg3 Bxa4 45. Bxa4 Rxa4 46. h4 gxh4+ 47.
Kxh4 Rf4 48. Kg3 Rf7 49. Rd8+ Rf8 50. Rd6 Ra8 51. Rxh6 a4 52. Rh2 a3 53. Ra2 Kf7
54. Kf4 Kf6 55. Ke4 Kg5 56. Ke5 Ra4 57. Kd5 Kf4 58. Kc5 Kxf3 59. Kb5 Rxg4 60.
Rxa3+ 1/2-1/2

[Event "FIDE Grand Prix 2017"]
[Site "Ginevra"]
[Date "06.07.2017"]
[Round "1"]
[White "Svidler, Peter"]
[Black "Jakovenko, Dmitry"]
[Result "1/2-1/2"]
[WhiteTitle "GM"]
[BlackTitle "GM"]
[WhiteElo "2749"]
[BlackElo "2703"]
[WhiteFideId "4102142"]
[BlackFideId "4122356"]
[EventDate "2017.07.06"]
[EventType "swiss"]

1. c4 Nf6 2. Nc3 c5 3. g3 e6 4. Bg2 d5 5. Qb3 dxc4 6. Qxc4 Be7 7. d3 O-O 8. Nf3
Nc6 9. O-O e5 10. Ne4 b6 11. Bg5 Bb7 12. Bxf6 Bxf6 13. a3 Be7 14. Rac1 Rc8 15.
Rfd1 Re8 16. e3 Bf8 17. h4 Na5 18. Qc2 Bd5 19. Nfd2 Qd7 20. Nc3 1/2-1/2

[Event "FIDE Grand Prix 2017"]
[Site "Ginevra"]
[Date "06.07.2017"]
[Round "1"]
[White "Rapport, Richard"]
[Black "Nepomniachtchi, Ian"]
[Result "1/2-1/2"]
[WhiteTitle "GM"]
[BlackTitle "GM"]
[WhiteElo "2694"]
[BlackElo "2742"]
[WhiteFideId "738590"]
[BlackFideId "4168119"]
[EventDate "2017.07.06"]
[EventType "swiss"]

1. d4 Nf6 2. c3 e6 3. Bg5 h6 4. Bh4 b6 5. e3 Bb7 6. Nd2 Be7 7. Ngf3 c5 8. a3 Nc6
9. Bd3 d5 10. b4 Rc8 11. Qb1 Ba8 12. Bg3 Bd6 13. Ne5 O-O 14. f4 cxd4 15. cxd4
Bxe5 16. fxe5 Ng4 17. Bf4 g5 18. Qd1 f5 19. exf6 Nf2 20. Kxf2 Qxf6 21. Qg4 e5
22. Qd7 Qg7 23. Bf5 Rce8 24. Be6+ Kh8 25. Qxg7+ Kxg7 26. Bd7 Re7 27. Bxc6 Bxc6
28. Rac1 exf4 29. exf4 Rxf4+ 30. Nf3 Bb5 31. Rhe1 Rxe1 32. Kxe1 Bc4 33. h3 Re4+
34. Kf2 Re2+ 35. Kg1 Ra2 36. Ne5 b5 37. Rc3 Kf6 38. Rf3+ Ke6 39. Kh2 Rd2 40. Re3
Kf5 41. Nf7 h5 42. Re5+ Kg6 43. Nd6 Bf1 44. Re6+ Kg7 45. Re7+ Kg6 46. Re6+ Kg7
47. Re7+ 1/2-1/2

[Event "FIDE Grand Prix 2017"]
[Site "Ginevra"]
[Date "06.07.2017"]
[Round "1"]
[White "Eljanov, Pavel"]
[Black "Hou, Yifan"]
[Result "1-0"]
[WhiteTitle "GM"]
[BlackTitle "GM"]
[WhiteElo "2739"]
[BlackElo "2666"]
[WhiteFideId "14102951"]
[BlackFideId "8602980"]
[EventDate "2017.07.06"]
[EventType "swiss"]

1. e4 e5 2. Nf3 Nc6 3. Bc4 Bc5 4. O-O Nf6 5. d3 O-O 6. h3 d6 7. c3 Ne7 8. Nbd2
Ng6 9. Re1 Bb6 10. Bb3 c6 11. Bc2 Re8 12. d4 Bc7 13. dxe5 dxe5 14. Nc4 Be6 15.
Qe2 h6 16. Qf1 Nh7 17. Ne3 Nf4 18. Nf5 Bxf5 19. exf5 Nf6 20. Bxf4 exf4 21. Rad1
Qc8 22. Qc4 Rxe1+ 23. Rxe1 Qf8 24. Bb3 Re8 25. Rxe8 Qxe8 26. Qb4 b5 27. Qd4 Bb8
28. a4 Qe7 29. Qd3 a6 30. Kf1 Qd7 31. Qxd7 Nxd7 32. Nd4 Ne5 33. axb5 axb5 34.
Bc2 Ba7 35. b4 f3 36. g4 Bxd4 37. cxd4 Nc4 38. Ke1 Nb6 39. Be4 Nd5 40. Bxd5 cxd5
41. Kd2 Kf8 42. Ke3 Ke7 43. Kxf3 Kd7 44. Kg3 Ke7 45. Kh4 g6 46. g5 h5 47. f4 Kf8
48. fxg6 fxg6 49. f5 1-0

[Event "FIDE Grand Prix 2017"]
[Site "Ginevra"]
[Date "06.07.2017"]
[Round "1"]
[White "Riazantsev, Alexander"]
[Black "Harikrishna, Pentala"]
[Result "0-1"]
[WhiteTitle "GM"]
[BlackTitle "GM"]
[WhiteElo "2654"]
[BlackElo "2737"]
[WhiteFideId "4125029"]
[BlackFideId "5007003"]
[EventDate "2017.07.06"]
[EventType "swiss"]

1. d4 Nf6 2. c4 e6 3. Nc3 Bb4 4. Qc2 d5 5. cxd5 Qxd5 6. e3 c5 7. Bd2 Bxc3 8.
bxc3 O-O 9. Nf3 Nc6 10. c4 Qd6 11. Bc3 cxd4 12. exd4 b6 13. Be2 Bb7 14. O-O Rac8
15. Rfd1 Ne7 16. Qb3 Rfd8 17. Ne5 Ng6 18. Bb2 Nd7 19. Nxg6 hxg6 20. a4 Nf6 21.
a5 Qc7 22. axb6 axb6 23. Rab1 Ne4 24. Rbc1 Qf4 25. f3 Nf6 26. Rc2 Qc7 27. Bc1 b5
28. c5 Bd5 29. Qb4 Bc6 30. Bg5 Nd5 31. Qb2 Re8 32. Ra1 Ra8 33. Rcc1 Qb7 34. Bd2
Rxa1 35. Rxa1 Ra8 36. Ra5 Rxa5 37. Bxa5 b4 38. Bc4 Ne3 39. Be2 b3 40. Bd2 Nf5
41. Bc3 Bd5 42. Qc1 Ne7 43. Bb2 Nc6 44. Qc3 Kf8 45. Kf2 Ke7 46. Qd2 Qb8 47. h3
Kf8 48. Bd3 Kg8 49. Qe1 Qf4 50. Qe3 Qh4+ 51. Kg1 Qd8 52. Kf2 Qa5 53. Qe1 Nb4 54.
Bb1 Qb5 55. Qc3 Qa4 56. Kg1 Kf8 57. Kf2 Nc6 58. Kg1 Ke8 59. Kf2 Kd7 60. Qd2 Kc8
61. Qc3 Na5 62. Bd3 Bc4 63. Bb1 Nc6 64. d5 Bxd5 65. Qxg7 Qh4+ 66. g3 Qxh3 67.
Qf8+ Nd8 68. Qh8 Qxh8 69. Bxh8 Nb7 70. Ke3 Kd7 71. f4 Nxc5 72. g4 f5 73. gxf5
exf5 74. Bd3 Kc6 75. Be2 Na4 76. Bd1 Kc5 77. Bd4+ Kb4 78. Bg7 Be4 79. Bf8+ Kc4
80. Be2+ Kd5 81. Bd1 b2 82. Bb3+ Kc6 83. Bxa4+ Kb7 0-1

[Event "FIDE Grand Prix 2017"]
[Site "Ginevra"]
[Date "06.07.2017"]
[Round "1"]
[White "Adams, Michael"]
[Black "Salem, A.R. Saleh"]
[Result "1-0"]
[WhiteTitle "GM"]
[BlackTitle "GM"]
[WhiteElo "2736"]
[BlackElo "2638"]
[WhiteFideId "400041"]
[BlackFideId "9301348"]
[EventDate "2017.07.06"]
[EventType "swiss"]

1. e4 c5 2. Nf3 d6 3. d4 cxd4 4. Nxd4 Nf6 5. Nc3 a6 6. Be3 Ng4 7. Bg5 h6 8. Bc1
Nc6 9. Nxc6 bxc6 10. Bc4 e5 11. b3 Be7 12. Bb2 O-O 13. Qe2 Qb6 14. O-O Nf6 15.
Kh1 a5 16. Na4 Qc7 17. Rae1 Nd7 18. Qd3 Bb7 19. Qg3 Bg5 20. Rd1 Nf6 21. f3 Rfe8
22. Rfe1 Rad8 23. Bf1 Nh5 24. Qf2 Re6 25. g3 Ree8 26. Qb6 Qb8 27. Bc3 Rc8 28.
Bh3 d5 29. Nc5 Ba8 30. Qxb8 Rxb8 31. exd5 cxd5 32. Bxe5 d4 33. Bxb8 Rxb8 34.
Rxd4 Bxf3+ 35. Bg2 Bxg2+ 36. Kxg2 Rc8 37. Rc4 Rd8 38. Nd3 1-0

[Event "FIDE Grand Prix 2017"]
[Site "Ginevra"]
[Date "07.07.2017"]
[Round "2"]
[White "Harikrishna, Pentala"]
[Black "Adams, Michael"]
[Result "1/2-1/2"]
[WhiteTitle "GM"]
[BlackTitle "GM"]
[WhiteElo "2737"]
[BlackElo "2736"]
[WhiteFideId "5007003"]
[BlackFideId "400041"]
[EventDate "2017.07.06"]
[EventType "swiss"]

1. e4 e5 2. Nf3 Nc6 3. Bc4 Bc5 4. c3 Nf6 5. d3 O-O 6. Bg5 h6 7. Bh4 Be7 8. a4 a5
9. Nbd2 d6 10. Bg3 Nh7 11. Qb3 Ng5 12. Nxg5 Bxg5 13. Nf3 Bf6 14. h3 Rb8 15. Rd1
Bd7 16. O-O Qe8 17. Bb5 Qe6 18. Qc2 Rfd8 19. Nh2 Bg5 20. Qe2 Ne7 21. Bxd7 Rxd7
22. h4 Bf6 23. Ng4 Ng6 24. h5 Nf4 25. Bxf4 exf4 26. d4 Bg5 27. e5 Re8 28. Qf3
Qb3 29. Rde1 Rde7 30. Rb1 Re6 31. g3 dxe5 32. dxe5 Qxa4 33. b4 Qc6 34. Qxc6 Rxc6
35. gxf4 Bxf4 36. bxa5 Bxe5 37. Rfe1 Rce6 38. Re3 b6 1/2-1/2

[Event "FIDE Grand Prix 2017"]
[Site "Ginevra"]
[Date "07.07.2017"]
[Round "2"]
[White "Jakovenko, Dmitry"]
[Black "Aronian, Levon"]
[Result "0-1"]
[WhiteTitle "GM"]
[BlackTitle "GM"]
[WhiteElo "2703"]
[BlackElo "2809"]
[WhiteFideId "4122356"]
[BlackFideId "13300474"]
[EventDate "2017.07.06"]
[EventType "swiss"]

1. e4 e5 2. Nf3 Nc6 3. Bc4 Bc5 4. O-O Nf6 5. d3 O-O 6. c3 a6 7. a4 Ba7 8. Re1 d6
9. h3 b5 10. Bb3 b4 11. a5 Rb8 12. Nbd2 Be6 13. Bxe6 fxe6 14. Nc4 Qe8 15. Be3
Bxe3 16. Rxe3 Qg6 17. Ncd2 Nh5 18. Qf1 Rb5 19. Kh2 Qh6 20. Kg1 Qg6 21. Kh2 Qh6
22. Kg1 Kh8 23. d4 Nf4 24. h4 g5 25. hxg5 Qh5 26. Qc4 exd4 27. cxd4 Nxa5 28. Qf1
h6 29. e5 d5 30. Rc1 c6 31. Ne1 hxg5 32. Nd3 g4 33. Nxf4 Rxf4 34. Rd3 g3 35.
Rxg3 Rh4 36. f4 Rh1+ 37. Kf2 Rxf1+ 38. Rxf1 Nc4 39. Nb3 Qh4 40. Kf3 a5 41. Ra1
Qh5+ 42. Kf2 Nxb2 43. Rh3 Qxh3 44. gxh3 a4 45. Nc5 b3 46. f5 exf5 47. e6 Nc4 48.
e7 Nd6 49. Nxa4 Kg7 50. Nc3 Rb8 51. Ra6 Kf7 0-1

[Event "FIDE Grand Prix 2017"]
[Site "Ginevra"]
[Date "07.07.2017"]
[Round "2"]
[White "Grischuk, Alexander"]
[Black "Rapport, Richard"]
[Result "1-0"]
[WhiteTitle "GM"]
[BlackTitle "GM"]
[WhiteElo "2761"]
[BlackElo "2694"]
[WhiteFideId "4126025"]
[BlackFideId "738590"]
[EventDate "2017.07.06"]
[EventType "swiss"]

1. e4 e5 2. Nf3 Nc6 3. Bb5 a6 4. Ba4 Nf6 5. O-O Be7 6. Re1 b5 7. Bb3 d6 8. c3
O-O 9. h3 Na5 10. Bc2 c5 11. d4 Qc7 12. d5 Nc4 13. b3 Nb6 14. a4 Bd7 15. a5 Nc8
16. c4 b4 17. Nbd2 Bd8 18. Nf1 Kh8 19. Ra2 Qb8 20. Be3 Ne7 21. Ng3 Qc8 22. Nh4
Neg8 23. Rf1 Ne8 24. Nf3 Bf6 25. Nh2 Ne7 26. Nh5 Ng6 27. Bb1 Qd8 28. Qc1 Kg8 29.
Kh1 Bh4 30. f4 exf4 31. Nxf4 Ne5 32. Nd3 Nxd3 33. Bxd3 Nf6 34. Bf4 Nh5 35. Bxd6
Ng3+ 36. Bxg3 Bxg3 37. Nf3 Qc7 38. Re2 f6 39. e5 Bxe5 40. Qc2 h6 41. Bh7+ Kh8
42. Bf5 Be8 43. Nxe5 fxe5 44. Rfe1 Qxa5 45. Rxe5 Qc7 46. Qd2 Qd6 47. Re6 Qg3 48.
Rxh6+ Kg8 49. Bh7+ Kh8 50. Bf5+ Kg8 51. Bh7+ Kh8 52. Be4+ Kg8 53. d6 Ra7 54. Re6
Raf7 55. Kg1 Rf2 56. Qd1 Bf7 57. Bd5 g6 58. R6e3 Qg5 59. Bf3 Ra2 60. d7 Rd8 61.
Re8+ Kg7 62. Rxd8 Qxd8 63. Qd6 1-0

[Event "FIDE Grand Prix 2017"]
[Site "Ginevra"]
[Date "07.07.2017"]
[Round "2"]
[White "Li, Chao b"]
[Black "Svidler, Peter"]
[Result "1/2-1/2"]
[WhiteTitle "GM"]
[BlackTitle "GM"]
[WhiteElo "2735"]
[BlackElo "2749"]
[WhiteFideId "8604436"]
[BlackFideId "4102142"]
[EventDate "2017.07.06"]
[EventType "swiss"]

1. d4 Nf6 2. c4 g6 3. Nc3 d5 4. Nf3 Bg7 5. h4 O-O 6. cxd5 Nxd5 7. h5 c5 8. hxg6
hxg6 9. Bh6 Bxh6 10. Rxh6 Nxc3 11. bxc3 Kg7 12. Qd2 cxd4 13. Rd1 Qa5 14. Nxd4
Nc6 15. Nxc6 bxc6 16. Rh4 g5 17. Ra4 Qe5 18. Qd4 Qxd4 19. cxd4 Be6 20. e4 f5 21.
Bc4 Bxc4 22. Rxc4 Rac8 23. Rc5 Kg6 24. Rdc1 Rcd8 25. Rxc6+ Kh5 26. Rd1 fxe4 27.
Re6 Rd7 28. Ke2 Rf6 29. Rxe4 Ra6 30. Rd2 e6 31. Kf3 Kg6 32. Re5 Kf6 33. Ke4 Rdd6
34. Rc5 Ra4 35. Rd3 Rxa2 36. Rf3+ Kg6 37. Rg3 Rd5 38. f4 Ra5 39. Rc6 Rf5 40.
fxg5 Rxg5 41. Rxg5+ Rxg5 42. Rxe6+ Kf7 1/2-1/2

[Event "FIDE Grand Prix 2017"]
[Site "Ginevra"]
[Date "07.07.2017"]
[Round "2"]
[White "Nepomniachtchi, Ian"]
[Black "Gelfand, Boris"]
[Result "1/2-1/2"]
[WhiteTitle "GM"]
[BlackTitle "GM"]
[WhiteElo "2742"]
[BlackElo "2728"]
[WhiteFideId "4168119"]
[BlackFideId "2805677"]
[EventDate "2017.07.06"]
[EventType "swiss"]

1. e4 c5 2. Nf3 Nc6 3. Bb5 g6 4. Bxc6 bxc6 5. O-O Bg7 6. Re1 Nh6 7. h3 O-O 8. c3
f5 9. e5 Nf7 10. d3 d6 11. Bf4 Ba6 12. e6 Ne5 13. Bxe5 dxe5 14. Nxe5 Qb8 15. d4
Bxe5 16. Rxe5 cxd4 17. cxd4 Qxb2 18. Nd2 1/2-1/2

[Event "FIDE Grand Prix 2017"]
[Site "Ginevra"]
[Date "07.07.2017"]
[Round "2"]
[White "Salem, A.R. Saleh"]
[Black "Giri, Anish"]
[Result "0-1"]
[WhiteTitle "GM"]
[BlackTitle "GM"]
[WhiteElo "2638"]
[BlackElo "2775"]
[WhiteFideId "9301348"]
[BlackFideId "24116068"]
[EventDate "2017.07.06"]
[EventType "swiss"]

1. e4 e5 2. Nf3 Nc6 3. Bc4 Bc5 4. c3 Nf6 5. d3 d6 6. Bg5 h6 7. Bh4 a6 8. a4 Ba7
9. Nbd2 Qe7 10. b4 Bd7 11. Rb1 g5 12. Bg3 Nh5 13. b5 axb5 14. axb5 Na5 15. Bd5
Nxg3 16. hxg3 Qf6 17. Qe2 O-O 18. Nh2 c6 19. bxc6 bxc6 20. Ba2 Kg7 21. Ndf1 Rfb8
22. Ne3 Bxe3 23. Qxe3 Be6 24. Qe2 Bxa2 25. Rxb8 Rxb8 26. Qxa2 Qe6 27. Qa1 Nb3
28. Qd1 Nc5 29. O-O Rb3 30. Qc2 Ra3 31. Rb1 Qa2 32. Qxa2 Rxa2 33. Ng4 Rd2 34.
Ne3 Rxd3 35. Nf5+ Kf6 36. f3 g4 37. Kf2 gxf3 38. gxf3 d5 39. Rb6 dxe4 40. Ne3
Rd2+ 41. Ke1 Rd6 42. fxe4 Nxe4 43. g4 Kg5 0-1

[Event "FIDE Grand Prix 2017"]
[Site "Ginevra"]
[Date "07.07.2017"]
[Round "2"]
[White "Hou, Yifan"]
[Black "Riazantsev, Alexander"]
[Result "1/2-1/2"]
[WhiteTitle "GM"]
[BlackTitle "GM"]
[WhiteElo "2666"]
[BlackElo "2654"]
[WhiteFideId "8602980"]
[BlackFideId "4125029"]
[EventDate "2017.07.06"]
[EventType "swiss"]

1. c4 e6 2. Nc3 d5 3. d4 Be7 4. cxd5 exd5 5. Bf4 c6 6. e3 Bd6 7. Bg3 Ne7 8. Bd3
Bf5 9. Nge2 O-O 10. a3 a5 11. Rc1 Bxd3 12. Qxd3 Na6 13. Na4 Nc8 14. Nc5 Qe7 15.
Qc3 Ra7 16. O-O Nc7 17. Nf4 Bxf4 18. Bxf4 Ne6 19. Bb8 Ra8 20. Bg3 Nb6 21. a4
Rfe8 22. b3 Nxc5 23. dxc5 Nd7 24. Rfe1 Nf8 25. h3 f6 26. Re2 Qf7 27. Rb2 Ng6 28.
b4 axb4 29. Rxb4 Ne5 30. Rcb1 Re7 31. e4 Rd8 32. Rd1 h6 33. Qb3 Red7 34. exd5
cxd5 35. Rb1 Nc4 36. Rxb7 Nd2 37. Qb6 Nxb1 38. c6 Nc3 39. cxd7 Rxd7 40. Rxd7
Qxd7 41. a5 d4 42. a6 d3 43. Qb3+ Kh8 44. a7 Ne2+ 45. Kh2 Qxa7 46. Qxd3 1/2-1/2

[Event "FIDE Grand Prix 2017"]
[Site "Ginevra"]
[Date "08.07.2017"]
[Round "3"]
[White "Aronian, Levon"]
[Black "Radjabov, Teimour"]
[Result "1/2-1/2"]
[WhiteTitle "GM"]
[BlackTitle "GM"]
[WhiteElo "2809"]
[BlackElo "2724"]
[WhiteFideId "13300474"]
[BlackFideId "13400924"]
[EventDate "2017.07.06"]
[EventType "swiss"]

1. d4 Nf6 2. c4 e6 3. g3 d5 4. Bg2 Bb4+ 5. Bd2 Be7 6. Nf3 O-O 7. O-O c6 8. Na3
Ne4 9. Bf4 Nd7 10. Qc2 f5 11. Rad1 g5 12. Bc1 Nd6 13. Ne5 Qe8 14. Qb3 Nxe5 15.
dxe5 Ne4 16. Nc2 b6 17. Nd4 Bd7 18. Qc2 a5 19. Be3 Rc8 20. Nf3 b5 21. cxd5 cxd5
22. Qd3 b4 23. Nd4 f4 24. Bc1 Nc5 25. Qf3 1/2-1/2

[Event "FIDE Grand Prix 2017"]
[Site "Ginevra"]
[Date "08.07.2017"]
[Round "3"]
[White "Adams, Michael"]
[Black "Grischuk, Alexander"]
[Result "1/2-1/2"]
[WhiteTitle "GM"]
[BlackTitle "GM"]
[WhiteElo "2736"]
[BlackElo "2761"]
[WhiteFideId "400041"]
[BlackFideId "4126025"]
[EventDate "2017.07.06"]
[EventType "swiss"]

1. e4 c5 2. Nf3 d6 3. Bb5+ Bd7 4. Bxd7+ Nxd7 5. O-O Ngf6 6. Re1 e6 7. c3 Be7 8.
d4 O-O 9. e5 Ne8 10. exd6 Bxd6 11. Bg5 Nef6 12. Na3 Be7 13. Nc4 Rc8 1/2-1/2

[Event "FIDE Grand Prix 2017"]
[Site "Ginevra"]
[Date "08.07.2017"]
[Round "3"]
[White "Giri, Anish"]
[Black "Li, Chao b"]
[Result "1/2-1/2"]
[WhiteTitle "GM"]
[BlackTitle "GM"]
[WhiteElo "2775"]
[BlackElo "2735"]
[WhiteFideId "24116068"]
[BlackFideId "8604436"]
[EventDate "2017.07.06"]
[EventType "swiss"]

1. c4 c6 2. d4 d5 3. Nf3 Nf6 4. Nc3 dxc4 5. a4 e6 6. e3 c5 7. Bxc4 Nc6 8. O-O
Be7 9. Qe2 O-O 10. Rd1 Qc7 11. b3 b6 12. Bb2 Bb7 13. d5 exd5 14. Nxd5 Nxd5 15.
Bxd5 Nb4 16. Bc4 Qc6 17. e4 Qxe4 18. Rd7 Qxe2 19. Bxe2 Bf6 20. Rxb7 Bxb2 21. Rd1
Nc6 22. Rdd7 Na5 23. Rxa7 Rxa7 24. Rxa7 h6 25. Ra6 Rb8 26. Nd2 Bc3 27. Nc4 Nxc4
28. Bxc4 Rb7 29. h4 g6 30. Bb5 Ba5 31. Ra8+ Kg7 32. Re8 h5 33. f3 Kf6 34. g4
hxg4 35. fxg4 Re7 36. g5+ Ke6 37. Bc4+ Kd6 38. Rh8 Ke5 39. Rh7 Kf4 40. Rxf7+
Rxf7 41. Bxf7 1/2-1/2

[Event "FIDE Grand Prix 2017"]
[Site "Ginevra"]
[Date "08.07.2017"]
[Round "3"]
[White "Svidler, Peter"]
[Black "Gelfand, Boris"]
[Result "1/2-1/2"]
[WhiteTitle "GM"]
[BlackTitle "GM"]
[WhiteElo "2749"]
[BlackElo "2728"]
[WhiteFideId "4102142"]
[BlackFideId "2805677"]
[EventDate "2017.07.06"]
[EventType "swiss"]

1. c4 c5 2. g3 g6 3. Bg2 Bg7 4. Nc3 Nc6 5. Nf3 d6 6. O-O e6 7. e3 Nge7 8. d4 O-O
9. Re1 Re8 10. b3 Nf5 11. Bb2 cxd4 12. exd4 Nfxd4 13. Nxd4 Nxd4 14. Ne4 e5 15.
Nxd6 Qxd6 16. Bxd4 Qc7 17. Bc3 Bd7 18. Qd5 Bc6 19. Qc5 Qb6 20. Qxb6 1/2-1/2

[Event "FIDE Grand Prix 2017"]
[Site "Ginevra"]
[Date "08.07.2017"]
[Round "3"]
[White "Eljanov, Pavel"]
[Black "Nepomniachtchi, Ian"]
[Result "1-0"]
[WhiteTitle "GM"]
[BlackTitle "GM"]
[WhiteElo "2739"]
[BlackElo "2742"]
[WhiteFideId "14102951"]
[BlackFideId "4168119"]
[EventDate "2017.07.06"]
[EventType "swiss"]

1. e4 c5 2. Nf3 d6 3. d4 cxd4 4. Nxd4 Nf6 5. Nc3 a6 6. Be2 e5 7. Nb3 Be7 8. Be3
Be6 9. Nd5 Nbd7 10. Qd3 O-O 11. a4 Bxd5 12. exd5 Nc5 13. Nxc5 dxc5 14. c4 Qc7
15. Qc2 Rae8 16. g4 e4 17. O-O-O Bd6 18. g5 Nd7 19. Kb1 Ne5 20. h4 Nf3 21. Rh3
Qd7 22. Rhh1 Qe7 23. Bxf3 exf3 24. h5 b5 25. cxb5 axb5 26. axb5 Qd7 27. Qd3 Rb8
28. h6 g6 29. Bd2 Rxb5 30. Bc3 Rb3 31. Rhe1 Qg4 32. Re4 Qxg5 33. Qxf3 Be5 34.
Rxe5 Qxe5 35. d6 f6 36. d7 Rxc3 37. Qxc3 Qe7 38. Qb3+ Kh8 39. Qd5 Rd8 40. Rd3 1-0

[Event "FIDE Grand Prix 2017"]
[Site "Ginevra"]
[Date "08.07.2017"]
[Round "3"]
[White "Inarkiev, Ernesto"]
[Black "Hou, Yifan"]
[Result "1/2-1/2"]
[WhiteTitle "GM"]
[BlackTitle "GM"]
[WhiteElo "2707"]
[BlackElo "2666"]
[WhiteFideId "4162722"]
[BlackFideId "8602980"]
[EventDate "2017.07.06"]
[EventType "swiss"]

1. c4 e6 2. g3 Nf6 3. Bg2 d5 4. Nf3 Be7 5. O-O O-O 6. d4 dxc4 7. Ne5 Nc6 8. Nxc6
bxc6 9. Na3 Bxa3 10. bxa3 Ba6 11. Qd2 Rb8 12. Rd1 Qc8 13. Qc2 h6 14. Bd2 Nd5 15.
e4 Nb6 16. Bb4 Rd8 17. a4 Nd5 18. exd5 Rxb4 19. dxc6 Qb8 20. Rd2 c3 21. Qxc3 Bc4
22. Re1 Bd5 23. Bxd5 Rxd5 24. Re5 Rxa4 25. Rb2 Qe8 26. Rxd5 exd5 27. Qd3 g6 28.
Rc2 Kg7 29. Kg2 Qe6 30. h4 h5 31. Rc5 Rxa2 32. Qf3 Qe1 33. Qf4 Qe6 34. Qe5+ Qf6
35. Qxf6+ Kxf6 36. Rxd5 Ra6 37. Rc5 Ke6 38. Kf3 Kd6 39. Ke4 Rxc6 40. Ra5 a6 41.
f3 Ke7 42. g4 Re6+ 43. Kf4 Rd6 44. Ke4 hxg4 45. fxg4 Rc6 46. Kf4 Rc4 47. Ke5 Rc1
48. Rxa6 Rh1 49. Ra7 Kd7 50. d5 Re1+ 51. Kf6 Rf1+ 52. Kg7 Kd6 53. Ra5 Rg1 54.
Ra4 f5 55. g5 Rg4 56. Ra1 Rxh4 57. Kxg6 f4 58. Kf5 Rh2 59. Kxf4 Kxd5 60. g6 Rg2
61. Kf5 c5 62. Rd1+ Kc4 63. Kf6 Rf2+ 64. Ke7 Rg2 65. Kf7 Kb3 66. Rb1+ Ka3 67.
Rb6 c4 68. g7 Rxg7+ 69. Kxg7 c3 70. Rc6 Kb2 71. Rxc3 1/2-1/2